000 00399nam a22001577a 4500
003 CEME
005 20210628203506.0
008 210316b xxu||||| |||| 00| 0 eng d
020 _a0-7506-1-37-9
040 _c.
082 _a621.382 TEL'M
100 _aMazda, Fraidoon
_962240
245 _aTelecommunication engineer's reference book
260 _aOXFORD
_bBUTTERWORTH
_c1993
942 _cBK
_2ddc
999 _c573903
_d573903